[Event "Pappier Memorial A"]
[Site "CAPA email"]
[Date "1998.??.??"]
[Round "?"]
[White "Umansky, Mikhail Markovich"]
[Black "Soltau, Achim (GER)"]
[Result "1-0"]
[WhiteElo "2700"]
[BlackElo "2570"]
[PlyCount "109"]
[EventDate "1998.??.??"]
[Source "www.chesslib.no"]
[SourceDate "2004.05.04"]

1. d4 Nf6 2. c4 g6 3. g3 c5 4. d5 d6 5. Bg2 Bg7 6. Nc3 O-O 7. Nf3 e6 8. O-O exd5 9. cxd5 a6 10. a4 Re8 11. Bf4 Qc7 12. Rc1 Nbd7 13. b4 Nh5 14. Qd2 Nxf4 15. Qxf4 Qb6 16. Ng5 f5 17. Qh4 h6 18. Ne6 cxb4 19. a5 Qxa5 20. Ra1 Qb6 21. Na4 Qa5 22. Nb2 Qb5 23. Nc7 Qxe2 24. Rab1 Bxb2 25. Rxb2 Qxb2 26. Nxe8 Qe5 27. Nc7 Rb8 28. Ne6 b3 29. Qe7 Qf6 30. Qxd6 b2 31. Rb1 b5 32. Qc7 Qe5 33. Qd8+ Kf7 34. h3 b4 35. Kh2 Qf6 36. Qc7 Qc3 37. Nd8+ Kg7 38. Nc6 Ra8 39. d6 f4 40. Qd8 f3 41. Bf1 Kh7 42. Nxb4 Qg7 43. Re1 Bb7 44. Qc7 Ne5 45. d7 Nxd7 46. Qxb7 Rb8 47. Qe4 Nf6 48. Qf4 Qf8 49. Bd3 Rxb4 50. Qc7+ Kh8 51. Bxg6 Qg7 52. Qc8+ Qg8 53. Qc3 Rb6 54. Bb1 Qf8 55. Re3 1-0

[Event "Groningen"]
[Site "?"]
[Date "1993.??.??"]
[Round "?"]
[White "Kaidanov, G."]
[Black "Romanishin, O."]
[Result "1/2-1/2"]
[WhiteElo "2640"]
[BlackElo "2615"]
[PlyCount "76"]
[EventDate "1993.??.??"]
[Source "ChessBase"]
[SourceDate "1993.10.01"]

1. d4 Nf6 2. c4 e6 3. g3 c5 4. d5 exd5 5. cxd5 d6 6. Nc3 g6 7. Bg2 Bg7 8. Nf3 O-O 9. O-O Re8 10. Bf4 Na6 11. Nb5 Bf8 12. Re1 Nc7 13. Nxc7 Qxc7 14. Rc1 a5 15. b3 Bd7 16. Nd2 Nh5 17. Ne4 Bf5 18. Rxc5 Qd8 19. Rc4 Nxf4 20. gxf4 b5 21. Rd4 Bg7 22. Ng3 Bc2 23. Qxc2 Bxd4 24. Qd3 Qb6 25. e3 Rac8 26. Bf1 b4 27. Qa6 Qxa6 28. Bxa6 Rc2 29. Re2 Rc1+ 30. Kg2 Bc3 31. Bb5 Re7 32. Kf3 f5 33. e4 fxe4+ 34. Nxe4 Bd4 35. Rd2 Bc5 36. Bc4 Rc7 37. Re2 h6 38. Nxc5 Rxc5 1/2-1/2

[Event "60th ch-RUS Higher League"]
[Site "Krasnoyarsk RUS"]
[Date "2007.09.12"]
[Round "9"]
[White "Khismatullin, D."]
[Black "Najer, E."]
[Result "0-1"]
[WhiteElo "2566"]
[BlackElo "2623"]
[PlyCount "197"]
[EventDate "2007.09.03"]
[Source "www.chesslib.no"]
[SourceDate "2004.05.04"]

1. d4 Nf6 2. c4 g6 3. g3 c5 4. d5 Bg7 5. Nc3 O-O 6. Bg2 d6 7. Nf3 e6 8. O-O exd5 9. cxd5 Re8 10. Bf4 h6 11. Re1 g5 12. Bc1 Nbd7 13. Qc2 a6 14. a4 b6 15. h3 Nf8 16. Nd2 Ng6 17. Nc4 Rb8 18. Bd2 Qc7 19. Nd1 b5 20. axb5 axb5 21. Na5 Bd7 22. Ne3 Ne7 23. b4 Rec8 24. Ra2 Qb6 25. Qb1 Ne8 26. Rc1 Be5 27. Ng4 Bg7 28. Ne3 Be5 29. Ng4 Bg7 30. e4 Bxg4 31. hxg4 c4 32. Be3 Bd4 33. Bxd4 Qxd4 34. Rd1 Qg7 35. Qc1 Ra8 36. Ra3 Kf8 37. Nc6 Nxc6 38. dxc6 Rxa3 39. Qxa3 c3 40. e5 Qxe5 41. Rc1 Nc7 42. Bf1 Ra8 43. Qb3 d5 44. Rxc3 Ra1 45. Re3 Qd4 46. Kg2 Rc1 47. Qd3 Qxd3 48. Rxd3 Rxc6 49. Ra3 Ke7 50. Ra7 Kd8 51. Ra5 Rb6 52. Kf3 Kd7 53. Ke3 Re6+ 54. Kd2 Kc6 55. Bd3 Kb6 56. Bf5 Re5 57. Ra1 Na6 58. Kc3 Re7 59. Rh1 Rc7+ 60. Kb3 Rc6 61. Bd7 Rd6 62. Bf5 Nb8 63. Re1 Nc6 64. Re8 Rd8 65. Rxd8 Nxd8 66. Kc3 Nc6 67. f4 d4+ 68. Kb3 Ne7 69. Bh7 Ng6 70. Bg8 gxf4 71. gxf4 f6 72. f5 Ne5 73. Kc2 Nxg4 74. Kd3 Ne5+ 75. Kxd4 Nc6+ 76. Kc3 Ne7 77. Be6 Kc7 78. Kd4 Kd6 79. Bf7 Nc6+ 80. Kc3 Ke5 81. Be8 Na7 82. Kd3 Kd5 83. Bf7+ Ke5 84. Be8 Kd6 85. Kd4 Nc6+ 86. Kc3 Kc7 87. Bh5 Ne7 88. Kd4 Nxf5+ 89. Kd5 Kb6 90. Be2 Ng3 91. Bf3 h5 92. Kd4 Nf5+ 93. Ke4 Ng7 94. Bg2 Kc7 95. Bf1 Kc6 96. Kf4 Ne8 97. Kf5 h4 98. Kg4 Nc7 99. Kxh4 0-1

[Event "LXXV Camp. brasiliano"]
[Site "Porto Alegre BRA"]
[Date "2008.12.11"]
[Round "6"]
[White "Leitao, R."]
[Black "Milos, G."]
[Result "1/2-1/2"]
[WhiteElo "2590"]
[BlackElo "2593"]
[PlyCount "42"]
[EventDate "2008.12.07"]
[Source "www.chesslib.no"]
[SourceDate "2004.05.04"]

1. d4 Nf6 2. c4 e6 3. g3 c5 4. d5 exd5 5. cxd5 d6 6. Nc3 g6 7. Bg2 Bg7 8. Nf3 O-O 9. O-O Na6 10. Nd2 Nc7 11. Nc4 Nfe8 12. a4 b6 13. Qb3 Ba6 14. Re1 Bxc4 15. Qxc4 a6 16. Rb1 Qd7 17. b4 b5 18. Qb3 cxb4 19. Qxb4 a5 20. Qb3 b4 21. Ne4 Nf6 1/2-1/2

[Event "ch-Euro Blitz"]
[Site "Ajaccio FRA"]
[Date "2007.10.26"]
[Round "29"]
[White "Mchedlishvili, M."]
[Black "Cvitan, O."]
[Result "1-0"]
[WhiteElo "2631"]
[BlackElo "2543"]
[PlyCount "101"]
[EventDate "2007.10.25"]
[Source "www.chesslib.no"]
[SourceDate "2004.05.04"]

1. d4 Nf6 2. c4 e6 3. Nf3 c5 4. d5 d6 5. Nc3 exd5 6. cxd5 g6 7. g3 Bg7 8. Bg2 O-O 9. O-O Re8 10. Bf4 Na6 11. Nb5 Bf8 12. h3 Nc7 13. Nxc7 Qxc7 14. Nd2 Nh5 15. e3 Nxf4 16. gxf4 Bg7 17. Qc2 b5 18. Rab1 Rb8 19. b3 a5 20. Rfe1 Bf5 21. e4 Bd7 22. Nf3 Qd8 23. Rbd1 Qf6 24. Qd2 Bh6 25. Ng5 a4 26. h4 axb3 27. axb3 Bg7 28. Ra1 c4 29. Ra7 Bg4 30. Rxf7 Qc3 31. Rxg7+ Qxg7 32. bxc4 bxc4 33. e5 dxe5 34. d6 h6 35. Bd5+ Kh8 36. Nf7+ Kh7 37. Nxe5 Bf5 38. Bxc4 Qf6 39. Qd5 Be6 40. Qd4 Bxc4 41. Qxc4 Qe6 42. Qc7+ Kg8 43. d7 Rf8 44. Rd1 Rbd8 45. Rd6 Qf5 46. Rxg6+ Kh7 47. Qd6 Qxf4 48. Qe7+ Rf7 49. Nxf7 Qc1+ 50. Kh2 Qc7+ 51. Ne5+ 1-0

[Event "Gausdal Classics GMA"]
[Site "Gausdal NOR"]
[Date "2008.04.15"]
[Round "8"]
[White "Kaidanov, G."]
[Black "Lie, K."]
[Result "1-0"]
[WhiteElo "2596"]
[BlackElo "2558"]
[PlyCount "119"]
[EventDate "2008.04.08"]
[Source "www.chesslib.no"]
[SourceDate "2004.05.04"]

1. d4 Nf6 2. Nf3 e6 3. c4 c5 4. d5 exd5 5. cxd5 d6 6. Nc3 g6 7. g3 Bg7 8. Bg2 O-O 9. O-O a6 10. a4 Re8 11. Bf4 Ne4 12. Nxe4 Rxe4 13. Nd2 Rb4 14. b3 Bxa1 15. Qxa1 Rxf4 16. gxf4 Nd7 17. Ne4 Qe7 18. Rc1 b6 19. Rc3 Nf6 20. Ng3 Bb7 21. Re3 Qd8 22. Rd3 Rc8 23. e4 c4 24. bxc4 Rxc4 25. e5 dxe5 26. fxe5 Nxd5 27. Qe1 Qd7 28. Qd2 Rxa4 29. Bxd5 Bxd5 30. Rxd5 Qc6 31. h3 Qe6 32. Rd8+ Kg7 33. Qd6 Qxd6 34. Rxd6 Rb4 35. f3 a5 36. Rd7 Kf8 37. Ne4 Rb5 38. Nd6 Rxe5 39. Rxf7+ Kg8 40. Rb7 Re3 41. Kf2 Rb3 42. Ra7 Rb4 43. Ne4 a4 44. Kg3 b5 45. Ra5 Kg7 46. Nd6 h5 47. h4 g5 48. hxg5 h4+ 49. Kg2 Kg6 50. Nxb5 Kh5 51. Nd6 Rb2+ 52. Kh3 Rb3 53. g6+ Kxg6 54. Kg4 a3 55. Nf5 h3 56. Nh4+ Kf6 57. Kxh3 Ke6 58. Kg3 Kd7 59. Nf5 Rd3 60. Kf4 1-0

[Event "CCCA"]
[Site "?"]
[Date "1996.07.15"]
[Round "?"]
[White "DeMauro Joseph A.(USA)"]
[Black "Ostermann Georg (FIN)"]
[Result "1/2-1/2"]
[WhiteElo "2555"]
[BlackElo "2595"]
[PlyCount "101"]
[EventDate "1996.??.??"]
[Source "www.chesslib.no"]
[SourceDate "2004.05.04"]

1. d4 Nf6 2. c4 e6 3. g3 c5 4. d5 exd5 5. cxd5 d6 6. Nc3 g6 7. Bg2 Bg7 8. Nf3 O-O 9. O-O Re8 10. Bf4 Na6 11. Re1 Ne4 12. Nxe4 Rxe4 13. Nd2 Rb4 14. a3 Rxf4 15. gxf4 Bxb2 16. Ne4 Nc7 17. Ra2 Bg7 18. a4 b6 19. Qb3 Rb8 20. Nd2 a6 21. e4 b5 22. axb5 axb5 23. f5 gxf5 24. Qg3 Kf8 25. Qh3 fxe4 26. Qxh7 f5 27. Bxe4 Qe7 28. Ra3 Ne8 29. Qg6 Qf6 30. Qxf6+ Nxf6 31. Bf3 Nd7 32. Bh5 Bb7 33. Ra7 Bc3 34. Re6 Bxd2 35. Rxd6 Bc8 36. Re6 Bf4 37. d6 Bb7 38. Re7 Bc6 39. Rf7+ Kg8 40. Rfxd7 Bxd7 41. Rxd7 c4 42. Kf1 c3 43. Bd1 b4 44. Bb3+ Kh8 45. h4 Rc8 46. Bc2 Be5 47. Ke2 Rc5 48. Rd8+ Kg7 49. d7 Rd5 50. Ba4 Rd2+ 51. Kf3 1/2-1/2

[Event "ISR-chT"]
[Site "Israel"]
[Date "1997.??.??"]
[Round "4"]
[White "Gofshtein, Leonid D"]
[Black "Psakhis, Lev"]
[Result "1/2-1/2"]
[WhiteElo "2530"]
[BlackElo "2610"]
[PlyCount "38"]
[EventDate "1997.??.??"]
[Source "ChessBase"]
[SourceDate "1997.07.29"]

1. d4 Nf6 2. c4 e6 3. Nf3 c5 4. d5 d6 5. Nc3 exd5 6. cxd5 g6 7. g3 Bg7 8. Bg2 O-O 9. O-O Re8 10. Bf4 Na6 11. Re1 Nh5 12. Bg5 Qb6 13. Qc1 Bd7 14. Rb1 c4 15. Bh6 Qc7 16. Bxg7 Kxg7 17. Nd4 Rac8 18. Qd2 Nc5 19. h3 Nf6 1/2-1/2

[Event "IL"]
[Site "?"]
[Date "1996.??.??"]
[Round "?"]
[White "Kaidanov Gregory S"]
[Black "Gurevich Dmitry"]
[Result "1-0"]
[WhiteElo "2605"]
[BlackElo "2535"]
[PlyCount "49"]
[EventDate "1996.??.??"]
[Source "www.chesslib.no"]
[SourceDate "2004.05.04"]

1. d4 Nf6 2. c4 e6 3. g3 c5 4. d5 exd5 5. cxd5 d6 6. Nc3 g6 7. Nf3 Bg7 8. Bg2 O-O 9. O-O Na6 10. Nd2 Nc7 11. Nc4 Nfe8 12. e4 b5 13. Na5 b4 14. Nc6 Qd7 15. Na4 Ba6 16. Re1 Bb5 17. a3 Bxa4 18. Qxa4 a5 19. Qb3 Nf6 20. e5 Rae8 21. axb4 axb4 22. Be3 Ng4 23. Bh3 c4 24. Qxb4 dxe5 25. Ra7 1-0

[Event "Novgorod op"]
[Site "Novgorod"]
[Date "1999.03.19"]
[Round "10"]
[White "Volkov, Sergey"]
[Black "Vaulin, Alexander"]
[Result "1-0"]
[WhiteElo "2587"]
[BlackElo "2547"]
[PlyCount "78"]
[EventDate "1999.03.19"]
[Source "ChessBase"]
[SourceDate "1999.05.10"]

1. d4 Nf6 2. c4 c5 3. d5 e6 4. Nc3 exd5 5. cxd5 g6 6. g3 d6 7. Bg2 Bg7 8. Nf3 O-O 9. O-O Na6 10. Nd2 Nc7 11. a4 b6 12. Rb1 Nfe8 13. Nc4 Ba6 14. Qd3 Qd7 15. b3 f5 16. e4 Bb7 17. exf5 Rxf5 18. Bb2 Rf8 19. Ne2 Bxb2 20. Rxb2 Qf5 21. Be4 Qg4 22. Ne3 Qg5 23. h4 Qf6 24. Nc4 Ba6 25. Rd2 Ng7 26. Nf4 Rae8 27. Rc1 Re7 28. Bxg6 hxg6 29. Nxg6 Ref7 30. Nxf8 Rxf8 31. Re1 Nf5 32. Re4 Nd4 33. Rg4+ Kh8 34. Rg6 Nf3+ 35. Kh1 Qf7 36. Qe4 Qh7 37. Nxd6 Nxd2 38. f4 Ne8 39. Nxe8 Rxe8 1-0

[Event "Abu Dhabi"]
[Site "?"]
[Date "2004.??.??"]
[Round "?"]
[White "Gleizerov, E."]
[Black "Minasian, Art"]
[Result "1-0"]
[WhiteElo "2535"]
[BlackElo "2580"]
[PlyCount "87"]
[EventDate "2004.??.??"]
[Source "Chess Informant"]
[SourceDate "2004.06.01"]

1. d4 g6 2. c4 Bg7 3. Nf3 c5 4. d5 Nf6 5. Nc3 d6 6. g3 O-O 7. Bg2 e6 8. O-O exd5 9. cxd5 Na6 10. Nd2 Nc7 11. Nc4 b6 12. Nxd6 Qxd6 13. Bf4 Qd7 14. d6 Ne6 15. Bxa8 Nxf4 16. gxf4 Qg4+ 17. Bg2 Qxf4 18. e3 Qe5 19. Re1 g5 20. Qf3 Qxd6 21. Qg3 Qxg3 22. hxg3 g4 23. Rad1 Be6 24. Rd2 Nd7 25. Nd5 Ne5 26. b3 Rb8 27. Red1 Kf8 28. Nf4 Ke7 29. Be4 h6 30. Kg2 Rc8 31. Rd6 Rb8 32. Nxe6 fxe6 33. Bc6 Rf8 34. Bd7 Rf6 35. Bb5 h5 36. Rd8 h4 37. gxh4 Rh6 38. Ra8 Nf3 39. Rxa7+ Kf6 40. Rdd7 Nxh4+ 41. Kg3 Nf5+ 42. Kxg4 Rh1 43. Bd3 Ke5 44. f4+ 1-0

[Event "TCh-ROU Superliga"]
[Site "Predeal ROU"]
[Date "2007.10.15"]
[Round "3"]
[White "Gleizerov, E."]
[Black "Marin, Mi"]
[Result "1/2-1/2"]
[WhiteElo "2552"]
[BlackElo "2551"]
[PlyCount "60"]
[EventDate "2007.10.13"]
[Source "www.chesslib.no"]
[SourceDate "2004.05.04"]

1. d4 Nf6 2. c4 e6 3. g3 c5 4. d5 exd5 5. cxd5 d6 6. Nc3 g6 7. Nf3 Bg7 8. Bg2 O-O 9. O-O Re8 10. Bf4 Na6 11. Re1 Bf5 12. Nh4 Bg4 13. h3 Nh5 14. hxg4 Nxf4 15. Bf1 Nc7 16. e4 h5 17. Qf3 Bh6 18. Rad1 Rb8 19. Nb5 Nxb5 20. Bxb5 Rf8 21. e5 Nh3+ 22. Kg2 Ng5 23. Qd3 hxg4 24. e6 Qe7 25. Qe2 Nf3 26. Nxf3 gxf3+ 27. Qxf3 fxe6 28. Rxe6 Rxf3 29. Rxe7 Rbf8 30. Rf1 Ra8 1/2-1/2

[Event "XI Ciudad de Albacete"]
[Site "Albacete"]
[Date "2003.09.05"]
[Round "7"]
[White "Delchev, Aleksander"]
[Black "Cheparinov, Ivan"]
[Result "1-0"]
[WhiteElo "2572"]
[BlackElo "2529"]
[PlyCount "83"]
[EventDate "2003.09.01"]
[Source "Roberto Alvarez"]
[SourceDate "2003.09.15"]

1. d4 Nf6 2. Nf3 e6 3. c4 c5 4. d5 exd5 5. cxd5 d6 6. Nc3 g6 7. g3 Bg7 8. Bg2 O-O 9. O-O Re8 10. Bf4 a6 11. a4 Ne4 12. Nxe4 Rxe4 13. Nd2 Rb4 14. Ra2 g5 15. Be3 f5 16. Nf3 h6 17. b3 Nd7 18. Bc1 Re4 19. Nd2 Re8 20. e3 Nf6 21. Qc2 b6 22. Bb2 Ra7 23. Nc4 Rae7 24. Rb1 a5 25. Bxf6 Bxf6 26. Bh3 g4 27. Bf1 Rf8 28. Bd3 Bg7 29. Rf1 Bb7 30. Bxf5 Bxd5 31. Rd1 Bf3 32. Rxd6 Qe8 33. h3 gxh3 34. Bxh3 Qh5 35. Bg2 Bxg2 36. Kxg2 Qf3+ 37. Kg1 Ref7 38. Qd1 Qe4 39. Qd3 Qg4 40. Qg6 Qh3 41. Qe6 Qh5 42. Rd5 1-0

[Event "Saitek US Masters"]
[Site "?"]
[Date "1998.??.??"]
[Round "?"]
[White "Rogers, I."]
[Black "Shaked, T."]
[Result "1/2-1/2"]
[WhiteElo "2605"]
[BlackElo "2490"]
[PlyCount "137"]
[EventDate "1998.??.??"]
[Source "www.chesslib.no"]
[SourceDate "2004.05.04"]

1. d4 Nf6 2. c4 e6 3. g3 c5 4. d5 exd5 5. cxd5 d6 6. Nc3 g6 7. Bg2 Bg7 8. Nf3 O-O 9. O-O Re8 10. h3 Ne4 11. Nxe4 Rxe4 12. Nd2 Re8 13. a4 Nd7 14. Ne4 Qe7 15. Bg5 f6 16. Bf4 Ne5 17. Qb3 h6 18. a5 Rb8 19. Ra3 f5 20. Nc3 b5 21. axb6 Rxb6 22. Qa2 a6 23. Na4 Rb8 24. Bd2 g5 25. Re1 Kh8 26. Kh2 Ng6 27. e3 h5 28. Rb3 Rxb3 29. Qxb3 h4 30. Qd1 g4 31. e4 Be5 32. exf5 Bxf5 33. Bc3 Qh7 34. Re3 hxg3+ 35. fxg3 gxh3 36. Bf3 Rf8 37. Qe1 Qg7 38. Bh5 Bxc3 39. Qxc3 Qxc3 40. bxc3 Ne5 41. Nxc5 Ng4+ 42. Bxg4 Bxg4 43. Nd3 Rf1 44. c4 Rd1 45. c5 Rd2+ 46. Kh1 Rd1+ 47. Kh2 Rd2+ 48. Kh1 dxc5 49. Ne5 Rd1+ 50. Kh2 Rd2+ 51. Kh1 Bc8 52. Nc4 Rd1+ 53. Kh2 Bd7 54. Ne5 Rd2+ 55. Kh1 Rd1+ 56. Kh2 Rd2+ 57. Kh1 Rxd5 58. Nxd7 Rxd7 59. Kh2 Kg7 60. Re6 Rc7 61. Rxa6 c4 62. Kxh3 c3 63. Ra1 Kf6 64. g4 Ke5 65. g5 Kf4 66. g6 Ke3 67. Kg4 c2 68. Rc1 Kd2 69. Rxc2+ 1/2-1/2

[Event "It (Open) Zadar CRO"]
[Site "?"]
[Date "2005.12.18"]
[Round "9"]
[White "Gleizerov Evgeny"]
[Black "Cvitan Ognjen"]
[Result "1/2-1/2"]
[WhiteElo "2564"]
[BlackElo "2527"]
[PlyCount "29"]
[EventDate "2005.??.??"]
[Source "www.chesslib.no"]
[SourceDate "2004.05.04"]

1. d4 Nf6 2. c4 e6 3. g3 c5 4. d5 exd5 5. cxd5 d6 6. Nc3 g6 7. Nf3 Bg7 8. Bg2 O-O 9. O-O Re8 10. Bf4 Na6 11. Re1 Bg4 12. Nd2 Nh5 13. Be3 Rxe3 14. fxe3 Qe7 15. Nf1 1/2-1/2

[Event "otb"]
[Site "otb"]
[Date "2007.05.10"]
[Round "9"]
[White "Khismatullin Denis"]
[Black "Tseshkovsky Vitaly"]
[Result "1/2-1/2"]
[WhiteElo "2570"]
[BlackElo "2517"]
[PlyCount "39"]
[Source "www.chesslib.no"]
[SourceDate "2004.05.04"]

1. d4 Nf6 2. c4 g6 3. g3 Bg7 4. Bg2 c5 5. d5 d6 6. Nc3 O-O 7. Nf3 e6 8. O-O exd5 9. cxd5 a6 10. a4 Re8 11. Bf4 h6 12. Re1 Ne4 13. Ra3 g5 14. Nxe4 gxf4 15. Nc3 fxg3 16. hxg3 Nd7 17. Qc2 Ne5 18. Nh4 Bg4 19. Nd1 Bf6 20. Nf5 1/2-1/2

[Event "Ashdod (open)"]
[Site "?"]
[Date "2004.??.??"]
[Round "?"]
[White "Roiz, M."]
[Black "Rechlis, G."]
[Result "1-0"]
[WhiteElo "2560"]
[BlackElo "2515"]
[PlyCount "139"]
[EventDate "2004.??.??"]
[Source "Chess Informant"]
[SourceDate "2004.10.01"]

1. d4 Nf6 2. c4 e6 3. g3 c5 4. d5 exd5 5. cxd5 d6 6. Nc3 g6 7. Nf3 Bg7 8. Bg2 O-O 9. O-O Na6 10. h3 Re8 11. Nd2 Rb8 12. a4 Nc7 13. Nc4 b6 14. Bf4 Bf8 15. e4 Ba6 16. b3 Bxc4 17. bxc4 a6 18. Rb1 Nd7 19. Rb3 Ne5 20. Bxe5 dxe5 21. Qb1 Qd6 22. Qb2 Rb7 23. Rb1 Reb8 24. Bf1 Be7 25. a5 Bd8 26. Qa3 Ne8 27. Qa4 Kf8 28. Qc6 b5 29. Na4 Rc7 30. Qxd6+ Nxd6 31. cxb5 c4 32. b6 cxb3 33. bxc7 Bxc7 34. Nc5 Ke7 35. Nxa6 Rb7 36. Nc5 Ra7 37. a6 Bb6 38. Na4 Bd4 39. Bd3 Rc7 40. Kf1 b2 41. Ke2 f5 42. f3 fxe4 43. fxe4 Nc4 44. Bxc4 Rxc4 45. Nxb2 Rc2+ 46. Kd1 Rc3 47. Na4 Ra3 48. Rb4 Kd6 49. Kc2 h5 50. h4 Bf2 51. Kb2 Rf3 52. Nb6 Kc5 53. a7 Kxb4 54. a8=Q Bxb6 55. Qb7 Ka5 56. d6 Rd3 57. Qe7 Kb5 58. Qxe5+ Kc6 59. Qe8+ Kxd6 60. Qxg6+ Kc5 61. e5 Re3 62. e6 Kc4 63. Qxh5 Rxe6 64. Qf7 Kd5 65. g4 Kd6 66. g5 Bd4+ 67. Kc2 Re2+ 68. Kd3 Rf2 69. Qg6+ Kc5 70. Qe4 1-0

[Event "Beograd 75/58"]
[Site "?"]
[Date "1999.??.??"]
[Round "?"]
[White "Mikhalevski, Victor"]
[Black "Solozhenkin, Evgeniy"]
[Result "1-0"]
[WhiteElo "2528"]
[BlackElo "2545"]
[PlyCount "77"]
[EventDate "1999.??.??"]
[Source "ChessBase"]
[SourceDate "1999.02.01"]

1. d4 Nf6 2. c4 e6 3. g3 c5 4. d5 exd5 5. cxd5 d6 6. Nc3 g6 7. Bg2 Bg7 8. Nf3 O-O 9. O-O Na6 10. Nd2 Nc7 11. Nc4 Nfe8 12. Bf4 b5 13. Na5 b4 14. Ne4 Nb5 15. Nc6 Qd7 16. a3 bxa3 17. bxa3 Nf6 18. a4 Nxe4 19. axb5 Re8 20. Qd3 Bxa1 21. Rxa1 f5 22. f3 Nf6 23. Bc1 Bb7 24. Bb2 Rf8 25. f4 h5 26. h3 Kh7 27. Bf3 Rf7 28. Kg2 Qc8 29. g4 a6 30. gxh5 Nxh5 31. Bxh5 gxh5 32. Qf3 Kh6 33. Kh2 axb5 34. Rg1 Qg8 35. Rg5 Qxg5 36. fxg5+ Kxg5 37. Qg3+ Kh6 38. Qxd6+ Kh7 39. Nd8 1-0

[Event "open"]
[Site "Sharjah"]
[Date "2003.09.02"]
[Round "7"]
[White "Mchedlishvili, Mikheil"]
[Black "El Taher, Fouad"]
[Result "1/2-1/2"]
[WhiteElo "2566"]
[BlackElo "2505"]
[PlyCount "45"]
[EventDate "2003.08.27"]
[Source "Roberto Alvarez"]
[SourceDate "2003.09.22"]

1. d4 Nf6 2. c4 g6 3. g3 c5 4. d5 d6 5. Nc3 Bg7 6. Bg2 O-O 7. Nf3 e6 8. O-O exd5 9. cxd5 Na6 10. Nd2 Nc7 11. Nc4 Nh5 12. a4 b6 13. Qc2 Ba6 14. b3 f5 15. Bb2 Qd7 16. e3 Rae8 17. Rfe1 Re7 18. Rad1 Rfe8 19. Bh3 Nf6 20. Qc1 Bxc4 21. bxc4 Ne4 22. Nxe4 Rxe4 23. Bxg7 1/2-1/2

[Event "Rotterdam NED"]
[Site "Rotterdam NED"]
[Date "1991.??.??"]
[Round "1"]
[White "Sosonko, Gennadi P"]
[Black "Lautier, Joel"]
[Result "1/2-1/2"]
[WhiteElo "2520"]
[BlackElo "2550"]
[PlyCount "83"]
[EventDate "1991.??.??"]
[Source "www.chesslib.no"]
[SourceDate "2004.05.04"]

1. d4 Nf6 2. c4 e6 3. g3 c5 4. d5 exd5 5. cxd5 d6 6. Nc3 g6 7. Bg2 Bg7 8. Nf3 O-O 9. O-O Na6 10. Nd2 Nc7 11. Nc4 Nfe8 12. a4 b6 13. Qd2 Rb8 14. Rb1 Ba6 15. b3 b5 16. Na5 Qd7 17. Nc6 Rb7 18. axb5 Nxb5 19. Nxb5 Rxb5 20. Qa2 Rb6 21. Bb2 Bb5 22. Bxg7 Nxg7 23. b4 cxb4 24. Rxb4 a6 25. Rc1 Rb7 26. e3 Rc7 27. Qb2 Rfc8 28. Rd1 Qe8 29. h4 Qf8 30. Nd4 Bd7 31. Rb6 a5 32. Nc6 Nf5 33. Ra6 Ne7 34. Nxe7+ Qxe7 35. Rxa5 Rc2 36. Qd4 R8c4 37. Ra8+ Bc8 38. Qb6 Qf6 39. e4 Rc5 40. Rf1 Kg7 41. Rb8 R5c3 42. Qa5 1/2-1/2

[Event "Voronezh RUS"]
[Site "?"]
[Date "2006.06.14"]
[Round "3"]
[White "Gleizerov Evgeny"]
[Black "Obukhov Alexander"]
[Result "1-0"]
[WhiteElo "2562"]
[BlackElo "2498"]
[PlyCount "75"]
[EventDate "2006.??.??"]
[Source "www.chesslib.no"]
[SourceDate "2004.05.04"]

1. d4 Nf6 2. c4 e6 3. g3 c5 4. d5 exd5 5. cxd5 d6 6. Nc3 g6 7. Nf3 Bg7 8. Bg2 O-O 9. O-O Bg4 10. Nd2 Qd7 11. a4 Bh3 12. Nc4 Bxg2 13. Kxg2 Qe7 14. Re1 Nbd7 15. e4 Rfd8 16. f4 Ne8 17. Qe2 Nb6 18. Nxb6 axb6 19. Ra3 Nc7 20. Rb3 Ra6 21. Bd2 Qd7 22. a5 Re8 23. axb6 Bxc3 24. bxc7 Bxd2 25. Rxb7 Bxe1 26. Qxa6 Rf8 27. Qb5 Qc8 28. e5 dxe5 29. d6 Qe6 30. Rb8 Qd5+ 31. Kh3 Qe6+ 32. g4 h5 33. Qe2 Ba5 34. fxe5 Qd7 35. Rxf8+ Kxf8 36. e6 fxe6 37. Qf3+ Ke8 38. Qa8+ 1-0

[Event "World Open"]
[Site "Philadelphia USA"]
[Date "2008.07.03"]
[Round "2"]
[White "Arun Prasad, S."]
[Black "Stocek, J."]
[Result "1-0"]
[WhiteElo "2492"]
[BlackElo "2559"]
[PlyCount "125"]
[EventDate "2008.07.02"]
[Source "www.chesslib.no"]
[SourceDate "2004.05.04"]

1. d4 Nf6 2. c4 e6 3. g3 c5 4. d5 exd5 5. cxd5 d6 6. Nc3 g6 7. Bg2 Bg7 8. Nf3 O-O 9. O-O Re8 10. Bf4 Na6 11. h3 Bf5 12. g4 Be4 13. Nd2 Bxg2 14. Kxg2 Nc7 15. Nc4 Ne4 16. Qd3 Qe7 17. e3 Rad8 18. Na5 Na6 19. Rab1 Nf6 20. a3 Rd7 21. f3 Qd8 22. Nc4 Nc7 23. b4 b5 24. Na5 h5 25. e4 c4 26. Qd2 Nh7 27. Nc6 Qh4 28. Bg3 Qg5 29. f4 Bxc3 30. Qxc3 Qh6 31. Rbe1 g5 32. Nd4 hxg4 33. hxg4 gxf4 34. Bxf4 Qg7 35. Rf3 Rde7 36. Nf5 Qxc3 37. Nxe7+ Rxe7 38. Rxc3 Nxd5 39. Bxd6 Re6 40. Rf3 Nhf6 41. exd5 Rxd6 42. Kg3 Nxd5 43. Rd1 c3 44. Rfd3 c2 45. Rc1 Kg7 46. Rd2 f5 47. Rcxc2 fxg4 48. Rc5 Nf6 49. Rxd6 Ne4+ 50. Kxg4 Nxd6 51. Rd5 Nc4 52. Rxb5 Nxa3 53. Ra5 Nc4 54. Rxa7+ Kf6 55. Kf4 Ke6 56. Ke4 Nd6+ 57. Kd3 Kd5 58. Ra6 Nb5 59. Rb6 Nd4 60. Kc3 Ne2+ 61. Kb3 Nd4+ 62. Ka4 Kc4 63. Rd6 1-0

[Event "9th Aosta Valley, Saint Vincent ITA"]
[Site "?"]
[Date "2001.??.??"]
[Round "8"]
[White "Palac, M."]
[Black "Del Rio Angelis, S."]
[Result "1/2-1/2"]
[WhiteElo "2580"]
[BlackElo "2470"]
[PlyCount "86"]
[EventDate "2001.??.??"]
[Source "www.chesslib.no"]
[SourceDate "2004.05.04"]

1. d4 Nf6 2. c4 e6 3. Nf3 c5 4. d5 d6 5. Nc3 exd5 6. cxd5 g6 7. g3 Bg7 8. Bg2 O-O 9. O-O Bg4 10. Nd2 Qd7 11. a4 Bh3 12. Nc4 Bxg2 13. Kxg2 Qe7 14. Bf4 Rd8 15. f3 Ne8 16. e4 Nd7 17. Nb5 Ne5 18. Nba3 Nc7 19. Qb3 Na6 20. Nxe5 Bxe5 21. Bd2 Bg7 22. Nc4 Qd7 23. Bf4 Bf8 24. Bg5 Re8 25. Rfe1 Nb4 26. Rad1 Rab8 27. Bf4 b5 28. axb5 Rxb5 29. Qa4 a6 30. Rd2 f5 31. Qd1 fxe4 32. fxe4 Qd8 33. e5 dxe5 34. Nxe5 c4 35. d6 Nd3 36. d7 Rexe5 37. Bxe5 Nxe5 38. Rd5 Nd3 39. Re8 Rxb2+ 40. Kh1 Nf2+ 41. Kg1 Nh3+ 42. Kh1 Nf2+ 43. Kg1 Nh3+ 1/2-1/2

[Event "TCh-AUT 1st Bundesliga 2007-8"]
[Site "Baden AUT"]
[Date "2007.12.02"]
[Round "3"]
[White "Hulak, K."]
[Black "Maiwald, JU."]
[Result "1/2-1/2"]
[WhiteElo "2562"]
[BlackElo "2484"]
[PlyCount "69"]
[EventDate "2007.11.30"]
[Source "www.chesslib.no"]
[SourceDate "2004.05.04"]

1. d4 g6 2. g3 Bg7 3. Bg2 c5 4. d5 d6 5. c4 Nf6 6. Nc3 O-O 7. Nf3 e6 8. O-O exd5 9. cxd5 a6 10. a4 Re8 11. Re1 Ne4 12. Nxe4 Rxe4 13. Nd2 Rb4 14. Ra2 b5 15. axb5 Bb7 16. b6 Nd7 17. Nb3 Qxb6 18. Na5 Ne5 19. Qc2 Rb8 20. Bd2 Rb5 21. Bc3 c4 22. Rd1 Rc8 23. h3 Rcc5 24. Nxb7 Qxb7 25. Rda1 Rb6 26. Ra4 Nd7 27. Qe4 Bxc3 28. bxc3 Qc8 29. f4 Rc7 30. Qd4 Nc5 31. R4a2 Qb8 32. Qf6 Nd7 33. Qd4 Nc5 34. Qf6 Nd7 35. Qd4 1/2-1/2